00523nam a22001577a 4500020001800000040000900018082001600027100002800043245007100071250001800142260003000160650003900190942001200229999001900241952010500260 a9780750647182 cNUST a621.46bHUG a Hughes , Austin958500 aElectric Motors and Drives:bFundamentals , Types and Applications aThird Edition aLondon:bElsevier,c2006. aElectric Motors and Drives9112179 2ddccBK c609601d609601 00102ddc4070aCEMEbCEMEcGENd2024-06-10l0o621.46 HUGpCEME- 42870r2024-06-10w2024-06-10yBK